=LDR 00000nam 2200000 4500 =001 INLIS000000000027909 =005 20150810122221.0 =006 =007 =008 Ind =035 ##$$0010-061300000027909 =041 ##$$a Ind =082 ##$$a 658.3 =090 ##$$a 658.3, Hur d =100 ##$$a Huraerah, Abu =245 ##$$a Dinamika kelompok, konsep dan aplikasi, Abu Huraerah; purwanto; editor Aepgunarsa =260 ##$$a Refika Adefama; 2006 $b Bandung =300 ##$$a x, 124 hlm, ilus, 22 cm =650 ##$$a Manajemen, Kelompok =850 ##$$a NBPNMAT